Growing critical : alternatives to developmental psychology

Αποθηκεύτηκε σε:
Λεπτομέρειες βιβλιογραφικής εγγραφής
Κύριος συγγραφέας: Moss, John R.
Μορφή: Βιβλίο
Γλώσσα:English
Δημοσίευση: London : Routledge, 1996
Σειρά:Critical psychology
Θέματα:
Ετικέτες: Προσθήκη ετικέτας
Δεν υπάρχουν, Καταχωρήστε ετικέτα πρώτοι!

MARC

LEADER 00000nam a2200000 i 4500
001 1/94053
008 991124s1996 eng d
020 |a 0-415-06109-1 
035 |l 10054653 
040 |a GR-MY-UA  |b gre  |e aacr 
041 0 |a eng 
082 0 |a 155 
100 1 |a Moss, John R. 
245 1 0 |a Growing critical :  |b alternatives to developmental psychology /  |c John R. Moss 
260 |a London :   |b Routledge,   |c 1996 
300 |a 170 p. 
490 1 |a Critical psychology 
650 0 0 |a Critical psychology. 
830 0 |a Critical psychology 
852 |a INST  |b RHODES  |e 19991124  |h 155 MOS  |p 005400012695  |q 005400012695  |t BK  |y 0 
901 |a BIBL4-1999-3 
909 |a Ρ  |b 070494 
922 |a 4ΕΛΗ  |b  199910  |c ΚΠΣ/154  |d GLORY BOOKS 
970 |a ΚΟΥΛΑΚΙΟΤΗ  |b ΛΙΤΣΑ  |z 1999/11/24